| 000 | 00605nam a2200217 a 4500 | ||
|---|---|---|---|
| 001 | BRL_427 | ||
| 005 | 20190320210733.0 | ||
| 008 | 080813s1954----u--a######---#000-0#eng-# | ||
| 041 | _aeng | ||
| 044 | _au | ||
| 050 | 4 |
_aF782.M52 _b.W38 1954 |
|
| 100 | 1 |
_aWatson, Don _923882 |
|
| 245 | 1 | 0 |
_aCliff Dewllings of the mesa verde _ba story in pictures _cDon Watson. |
| 260 |
_aEstados Unidos _bMesa verde museum association _c[1954] |
||
| 300 |
_a52 p. _bil. _c23 cm. |
||
| 500 | _aAu438 | ||
| 500 | _aBibliografía: p. 52 | ||
| 650 | 1 | 4 |
_aCuevas rupestres _zColorado _923883 |
| 902 | _aGRL | ||
| 942 |
_2lcc _cB |
||
| 999 |
_c9239 _d9239 |
||